Catalog

Record Details

Catalog Search



Pro smrt uděláno : živé rozhovory o posledních věcech  Cover Image Book Book

Pro smrt uděláno : živé rozhovory o posledních věcech / Michal Plzák a Lucie Vopálenská ; fotografie František Plzák

Record details

  • ISBN: 978-80-7017-298-8
  • Physical Description: 677 stran : portréty ; 24 cm
  • Edition: První vydání
  • Publisher: Praha : Kalich, nakladatelství a knihkupectví s. r. o., 2021

Content descriptions

General Note:
Obsahuje rejstřík
Subject: smrt
osobnosti > Česko > 20.-21. století
Genre: rozhovory

Available copies

  • 1 of 1 copy available at Common Catalog SPOK.

Holds

  • 0 current holds with 1 total copy.
Show Only Available Copies
Location Call Number / Copy Notes Barcode Shelving Location Status Due Date
Jabok Library VO-1.2.2/P 424480044251 Odborná literatura Available -

LDR 02461nam a2200709 i 4500
00150246
003CZ-PrJAB
00520211014140853.0
007ta
008211014s2021 xr c e 001 0dcze d
015 . ‡acnb003369020
020 . ‡a978-80-7017-298-8 ‡q(vázáno)
035 . ‡a(CZ PrSKC)001024108
040 . ‡aHKA001 ‡bcze ‡erda
043 . ‡ae-xr---
045 . ‡ax-y-
072 7. ‡a393 ‡xSmrt. Pohřby. Obyčeje při úmrtí ‡2Konspekt ‡91
072 7. ‡a929 ‡xBiografie ‡2Konspekt ‡98
080 . ‡a393 ‡2MRF
080 . ‡a929-058.1 ‡2MRF
080 . ‡a(437.3) ‡2MRF
080 . ‡a(047.53) ‡2MRF
1001 . ‡aPlzák, Michal, ‡d1963- ‡7jn99240000881 ‡4aut
24510. ‡aPro smrt uděláno : ‡bživé rozhovory o posledních věcech / ‡cMichal Plzák a Lucie Vopálenská ; fotografie František Plzák
250 . ‡aPrvní vydání
264 1. ‡aPraha : ‡bKalich, nakladatelství a knihkupectví s. r. o., ‡c2021
300 . ‡a677 stran : ‡bportréty ; ‡c24 cm
336 . ‡atext ‡btxt ‡2rdacontent
337 . ‡abez média ‡bn ‡2rdamedia
338 . ‡asvazek ‡bnc ‡2rdacarrier
500 . ‡aObsahuje rejstřík
65007. ‡asmrt ‡7ph116193 ‡2czenas
65007. ‡aosobnosti ‡7ph115615 ‡zČesko ‡y20.-21. století ‡2czenas
655 7. ‡arozhovory ‡7fd133303 ‡2czenas
7001 . ‡aVopálenská, Lucie, ‡d1972- ‡7xx0052290 ‡4aut
7001 . ‡aPlzák, František, ‡d1996- ‡7hka20211128280 ‡4pht
910 . ‡aABG312
995 . ‡aska
901 . ‡a50246 ‡bAUTOGEN ‡c50246 ‡tbiblio

Additional Resources